000 00246 a2200097 4500
001 41075
100 _aZucrow M J
245 _aPrinciples of Jet Propulsion & Gas turbine
260 _aNew York
_bJohn Willey & Sons Inc.
_c
090 _c25306
_d25306
942 _aNUST-CAE
_cM
_c17010
999 _c276148
_d276148